Zwierzę bez litery „a” w nazwie. - Statystyki

Ogólne statystyki
  • Ten quiz został rozwiązany 87 razy
  • Średni wynik to 4 z 7
Statystyki odpowiedzi
Odpowiedź % Poprawnych
Kot
90%
Pies
86%
Koń
71%
Chomik
44%
Łoś
30%
Szczur
30%
Żubr
19%
Nie znaleziono quizów pasujących do podanych kryteriów
Rozkład punktacji
Procent ludzi z każdym wynikiem
Percentyl według liczby udzielonych odpowiedzi
Twoja historia wyników
Nie rozwiązałeś tego quizu